Statystyki dla Kraje według emigracji do USA

Kliknij tutaj aby rozwiązać quiz!

Ogólne statystyki

  • Ten quiz został rozwiązany 314 razy
  • Średni wynik to 11 z 20

Statystyki odpowiedzi

Liczba ludzi tego kraju w StanachKraj% Poprawnych
11,4 mlnMeksyk
94%
825 tysKanada
88%
2,9 mlnChiny
84%
563 tysNiemcy
81%
716 tysWielka Brytania
80%
2,6 mlnIndie
70%
1,3 mlnKuba
65%
798 tysKolumbia
63%
1 mlnKorea Południowa
51%
1,1 mlnDominikana
50%
525 tysPeru
49%
737 tysHaiti
46%
759 tysJamajka
42%
655 tysHonduras
41%
516 tysEkwador
40%
1 mlnGwatemala
39%
1,4 mlnSalwador
34%
1,3 mlnWietnam
33%
2 mlnFilipiny
27%
1,8 mlnPortoryko
14%

Rozkład punktacji

Percentyl według liczby udzielonych odpowiedzi

Procent ludzi z każdym wynikiem

Twoja historia wyników

Nie rozwiązałeś tego quizu